000 00328nam a2200133Ia 4500
005 20251222141823.0
008 251222s9999||||xx |||||||||||||| ||spa||
020 _a84-9700-095-1
082 _a371.332/M86
100 _aMoreno Murcia, Juan Antonio
245 0 _aAprendizaje a través del Juego
264 _bAljibe
942 _cLIB
999 _c6852
_d6852